Indochine, Paroles - Ladyboy - Statistiques

Statistiques générales
  • Ce quiz a été pris 32 fois
  • Le résultat moyen est 144 sur 168
Statistiques - réponses
Réponse % Correct
À
100%
à
100%
de
100%
De
100%
la
100%
mort
100%
Nous
100%
nous
100%
vie
100%
comme
96%
en
96%
battant
91%
coeur
91%
deux
91%
joies
91%
Le
91%
le
91%
nos
91%
passées
91%
sans
91%
un
91%
Un
91%
ciel
87%
étoiles
87%
mille
87%
serons
87%
dieu
83%
encore
83%
flèches
83%
glorieux
83%
serions
83%
fin
78%
l'amour
78%
une
78%
coeurs
74%
lambeaux
74%
paradis
74%
blessé
70%
fois
70%
secrets,
70%
trésors
70%
trouverons
70%
volés
70%
ailes
65%
était
65%
Mais
65%
rêverons
65%
jamais
61%
saignerons
61%
tomberons
61%
D'il
57%
oubliées
57%
rêves
52%
enfin
43%
plus
43%
l'azur
35%
rêv'rons
13%
tomb'rons
13%
Aucun quiz correspondant
Distribution des résultats
% des personnes avec chaque résultat
Percentile par nombre de réponses
Votre historique - résultats
Vous n’avez pas pris ce quiz